Congreso Tributario /

Guardado en:
Autores Corporativos: Congreso Tributario Ciudad Autónoma de Buenos Aires, Argentina), Consejo Profesional de Ciencias Económicas de la Ciudad Autónoma de Buenos Aires.
Formato: Libro
Idioma:Spanish
Publicado: [Buenos Aires] : Consejo Profesional de Ciencias Económicas de la Ciudad Autónoma de Buenos Aires, 2001.
Materias:
Etiquetas: Agregar Etiqueta
Sin Etiquetas, Sea el primero en etiquetar este registro!
LEADER 01299nam a22002535a 4500
001 EAD.ead000698
008 070313s2001####ag#######b####100#0#spa#d
005 20140606131401.0
245 1 0 |a Congreso Tributario /  |c Consejo Profesional de Ciencias Económicas de la Ciudad Autónoma de Buenos Aires. 
260 |a [Buenos Aires] :  |b Consejo Profesional de Ciencias Económicas de la Ciudad Autónoma de Buenos Aires,  |c 2001. 
300 |a 2 v. ;  |c 24 cm. 
504 |a Incluye referencias bibliográficas. 
505 0 |a t. 1. Trabajos de investigación -- t. 2. Trabajos no publicados en el tomo 1 -- Informe de los relatores -- Conferencias y mesas redondas -- Exposiciones de los panelistas. 
020 |a 9509497487 (tomo 1) 
020 |a 9509497665 (tomo 2) 
111 2 |a Congreso Tributario  |n (9o. :  |d 2001 :  |c Ciudad Autónoma de Buenos Aires, Argentina) 
710 2 |a Consejo Profesional de Ciencias Económicas de la Ciudad Autónoma de Buenos Aires. 
082 0 4 |a 336.2  |2 21 
650 7 |a Tributación.  |2 unbist 
650 7 |a Congresos.  |2 unbist 
650 7 |a Distribución del ingreso.  |2 unbist 
650 7 |a Reforma tributaria.  |2 unbist 
859 |a AR-BaBDC  |b BIB. ADMINISTRACION - Libros  |h 336.2  |i C76  |p b04617  |v 2001  |3 Tomo I 
859 |a AR-BaBDC  |b BIB. ADMINISTRACION - Libros  |h 336.2  |i C76  |p b04731  |v 2001  |3 Tomo II